| 000 | 00561nam a2200193Ia 4500 | ||
|---|---|---|---|
| 003 | IN-BaIIA | ||
| 008 | 211028s9999 xx 000 0 eng d | ||
| 040 | _cIIA Library | ||
| 080 |
_a530.145 _bKUR |
||
| 100 |
_aKursunoglu, Behram _94344 |
||
| 245 | 0 |
_aModern quantum theory _cBehram Kursunoglu |
|
| 260 |
_aSan Francisco _bW. H. Freeman _c1962 |
||
| 300 | _axv, 518p. | ||
| 490 | _aA series of books in physics | ||
| 650 | _aNASA thesaurus | ||
| 650 | _aQuantum mechanics | ||
| 650 | _aQuantum theory | ||
| 942 | _cBK | ||
| 999 |
_c2432 _d2432 |
||